Statistics for 1990s Albums Quiz #1

Click here to take the quiz!

General Stats

  • This quiz has been taken 7,482 times
  • The average score is 11 of 23

Answer Stats

Year Album Artist or Group % Correct
1991NevermindNirvana
87%
1994DookieGreen Day
83%
1995Gangsta's ParadiseCoolio
79%
1995Jagged Little PillAlanis Morissette
75%
1992The Bodyguard SoundtrackWhitney Houston
73%
1991Blood Sugar Sex MagikRed Hot Chili Peppers
72%
1997OK ComputerRadiohead
65%
1997TubthumperChumbawamba
62%
1991TenPearl Jam
55%
1993The SignAce of Base
51%
1996All Eyez on Me2Pac
48%
1994Definitely MaybeOasis
47%
1994Ill CommunicationBeastie Boys
47%
1996OdelayBeck
44%
1991Too Legit to QuitMC Hammer
43%
1997Life After DeathThe Notorious B.I.G.
39%
1994The Downward SpiralNine Inch Nails
33%
1994Cracked Rear ViewHootie & the Blowfish
24%
1998You've Come a
Long Way, Baby
Fatboy Slim
23%
1996The ScoreFugees
23%
1990AmeriKKKa's Most WantedIce Cube
22%
1996Reasonable DoubtJay-Z
20%
1990To the ExtremeVanilla Ice
20%

Score Distribution

Percentile by Number Answered

Percent of People with Each Score

Your Score History

You have not taken this quiz